LEADER 00669naa a2200145 i 4500 001 000000330175 003 CaOOAMICUS 005 20180831173634.0 008 180831n it u000 u ita u 013 $a41926 040 $aSeMil$bita 245 10$aErmeneutica e dogmatica nella scienza giuridica. 650 4$aDiritto - Italia - Storia.$0(OLS)http://semarc/subject/5306 773 0 $aColloquio sulla Interpretazione <7. , 1985 ; Macerata>$tInterpretazione ed epistemologia.$dGenova : Marietti, 1986.$kPubblicazioni della Facoltà di lettere e filosofia$z88-211-8595-8$gp.101-124$w()167155 996 $6245$aErmeneutica e dogmatica nella scienza giuridica$9(OLS)http://semarc/title/418633 LEADER 00652nam a2200181 i 4500 001 000000104410 003 CaOOAMICUS 005 20170807000000.0 008 170807s1960 fr u000 u fre u 013 $a76598 040 $aSeMil$bita 245 10$aVolume 2. 300 $aXII, 396 p. 500 $aContiene: Traités: Pea, Demai, Kilaim, Schebith, Troumoth, Maasertoth, Maaser, Schémi, Halla, Orla, Bikkourim. 773 0 $tTalmud de Jérusalem.$dParis : G.-P. Maisonneuve, 1960.$g2$w()646 850 $aSeMil 852 $aSeMil$W1$xVenegono$y1$mSL1.R IV 70$j60799$B60799$CSeMilBibl$Z2$F45221 $8I 996 $6245$aVolume 2$9(OLS)http://semarc/title/11564